|
|
|
|
| LEADER |
00000nam2a2200000 4500 |
| 001 |
33037 |
| 005 |
20231101210132.0 |
| 035 |
|
|
|a (RuTPU)RU\TPU\book\33354
|
| 035 |
|
|
|a BOOK00000005
|
| 090 |
|
|
|a 33037
|
| 100 |
|
|
|a 20011210d1983 m y0rusy50 ca
|
| 101 |
1 |
|
|a rus
|c eng
|
| 102 |
|
|
|a RU
|
| 105 |
|
|
|a y j 000zy
|
| 200 |
0 |
|
|a Т. 1 : Механика
|f Ч. Киттель, В. Найт, М. Рудерман
|g под ред. А. И. Шальникова, А. С. Ахматова
|
| 210 |
|
|
|d 1983
|
| 215 |
|
|
|a 447 с.
|
| 461 |
|
1 |
|0 (RuTPU)RU\TPU\book\41362
|t Берклеевский курс физики
|o в 5 т.
|o пер. с англ.
|v Т. 1 : Механика
|e 3-е изд., испр.
|d 1983-1986
|
| 606 |
1 |
|
|a Физика
|2 stltpush
|3 (RuTPU)RU\TPU\subj\63709
|9 80688
|
| 606 |
1 |
|
|a Механика
|2 stltpush
|3 (RuTPU)RU\TPU\subj\67812
|9 83462
|
| 610 |
1 |
|
|a общая физика
|
| 610 |
1 |
|
|a примеры
|
| 610 |
1 |
|
|a задачи
|
| 610 |
1 |
|
|a учебные пособия
|
| 675 |
|
|
|a 53(075.8)
|v 3
|
| 675 |
|
|
|a 531(075.8)
|v 3
|
| 700 |
|
1 |
|a Киттель
|b Ч.
|g Чарльз
|
| 701 |
|
1 |
|a Найт
|b В.
|g Вальтер
|
| 701 |
|
1 |
|a Рудерман
|b М.
|g Мелвин
|
| 702 |
|
1 |
|a Шальников
|b А. И.
|g Александр Иосифович
|4 340
|
| 702 |
|
1 |
|a Ахматов
|b А. С.
|4 340
|
| 801 |
|
0 |
|a RU
|b 63413507
|c 20011210
|g PSBO
|
| 801 |
|
2 |
|a RU
|b 63413507
|c 20230313
|g PSBO
|
| 900 |
|
|
|a Физика
|
| 942 |
|
|
|c BK
|